00357 a2200121 4500001000900000005001700009008004100026245003600067100002300103700001900126773007300145999001700218ART_353320260410161715.0260409a 10aHacia un nuevo plan eléctrico1 aVisintini, Alfredo1 aBastos, Carlos0 tDesarrollo económicog- Vol. 27, Nº 107 (oct./dic. 1987)wREV1174 c16480d16480